000
00311nam a22001217a 4500
008
181127b xxu||||| |||| 00| 0 eng d
041
_a
eng
080
_a
043.3
100
_a
0
101
_a
BTH-MBE
245
_a
Tatimi në pronë në Komunën e Mitrovicës në periudhën 2014-2017
_c
Broja,D
942
_2
udc
_c
BK
999
_c
52614
_d
52614